01537nam a2200433 i 4500001000700000003000900007005001700016008004100033016003100074016001900105016001900124016001900143017005000162020001500212035002100227035002700248035002400275035002400299035002400323035002300347040002900370040002600399040002600425080002200451080001800473100003900491240002600530245009600556260006600652300003200718336002200750337003000772338002400802490003300826700005000859830003300909852010100942883006001043196029ES-MaACL20250720091909.0240810s1997 sp | ||| ||spa 7 abimoBNE199951412582SpMaBN aBNE19994311469 aBNE19994291523 aBNE20004067715 aM 45781-1997bOficina Depósito Legal Madrid a8488333196 a(OCoLC)215072229 a(SpMaBN)bimo0001259894 a28176960-34bne_inst a28176958-34bne_inst a28176959-34bne_inst a991051668929708606 aSpMaBNbspacSpMaBNerdc aSpMaBN-RbspacSpMaBN aSpMaBN-RbspacSpMaBN a821.134.2-392"15" a821.134.2-311 aBarahona, Francisco, ds. XVIeaut10aFlor de caballerías10aFlor de caballerías / cFrancisco Barahona ; edición de José Manuel Lucía Megías. aAlcalá de Henares :bCentro de Estudios Cervantinos,c1997. aXL, 282 p. :bil. ;c24 cm. 2rdacontentatexto 2rdamediaasin mediación 2rdacarrieravolumen1 aLos libros de Rocinante ;v21 aLucía Megías, José Manuel, d1967-epbl aLos libros de Rocinante ;v2 aES-MaACLbR.154514cDEPOJjN-9156hDonación: EditorialxEncuadernación rústica con solapas1 aCotejo registros de fondos y signatura-ítemd20220521